| 000 | 00396nam a2200157Ia 4500 | ||
|---|---|---|---|
| 005 | 20250603145400.0 | ||
| 008 | 250603s9999 xx 000 0 und d | ||
| 050 | _aPN 6121 .M63/ | ||
| 245 | 0 | _aModern eloquence; a library of the world’s best spoken thought | |
| 250 | _arevised ed. | ||
| 260 | _aNew York | ||
| 260 | _bP. F. Collier | ||
| 260 | _c1941 | ||
| 650 | _aNew York | ||
| 942 | _cBK | ||
| 999 |
_c41697 _d41697 |
||